kpop group by generation - Statistics

General Stats
  • This quiz has been taken 139 times
  • The average score is 69 of 201
Answer Stats
Answer % Correct
BTS
91%
Blackpink
89%
SEVENTEEN
83%
TWICE
83%
Big Bang
82%
Aespa
80%
Enhypen
80%
Illit
80%
Stray Kids
80%
2NE1
79%
Itzy
79%
TxT
79%
Le Sserafim
78%
New Jeans
78%
SHINee
78%
EXO
76%
Ive
74%
NCT
74%
Babymonster
71%
Red Velvet
71%
(G)Idle
70%
IZ*ONE
70%
Nmixx
70%
Ateez
67%
GOT7
67%
Mamamoo
67%
Wonder girls
67%
Boynextdoor
66%
Riize
66%
Super junior
66%
2PM
64%
Kep1er
63%
Monsta x
61%
2AM
57%
Dreamcatcher
57%
Zerobaseone
57%
SNSD
56%
The Boyz
56%
DAY6
55%
Miss A
55%
Treasure
55%
Winner
55%
F(x)
54%
H.O.T
54%
KARD
54%
Pentagon
54%
4 MINUTE
53%
AOA
53%
Apink
53%
Loona
53%
StayC
53%
KARA
52%
Wanna one
52%
WayV
52%
Block b
51%
T-ARA
51%
Fromis_9
49%
GFriend
49%
IKON
49%
I.O.I
49%
BTOB
48%
Cravity
48%
Triple S
48%
TWS
48%
Xikers
48%
Momoland
47%
Oneus
47%
P1harmony
47%
Super M
47%
Astro
46%
Xdinary Heroes
46%
Everglow
44%
Meovv
44%
VIXX
44%
Billie
43%
Fifty Fifty
41%
IZNA
41%
S.E.S
41%
Sistar
41%
TVXQ
41%
Blackswan
39%
Exid
39%
Purple Kiss
39%
WJSN
39%
Cherry Bullet
36%
Hearts2hearts
36%
Oh My Girl
36%
SF9
36%
XLOV
36%
Brown eyed girls
34%
CLC
33%
Just B
33%
CIX
32%
Nu'est
32%
EVNNE
31%
Girl's Day
31%
OnlyOneOf
31%
Infinite
30%
Shinhwa
30%
The Rose
30%
Afterschool
29%
PLAVE
29%
Omega X
28%
orange caramel
28%
Weeekly
28%
AKMU
26%
Got the beat
26%
KickFlip
26%
Nexz
26%
VIVIZ
26%
Ab6ix
25%
B.A.P
25%
Close Your Eyes
24%
CN blue
24%
Pristin
24%
Young Posse
23%
Lightsum
22%
Lovelyz
22%
Rocket Punch
22%
VCHA
22%
Badvillain
21%
Secret
21%
TEEN TOP
21%
A.C.E
20%
Artms
20%
Weki Meki
20%
Gugudan
18%
Onewe
17%
Secret number
17%
Tempest
17%
Victon
17%
BABY V.O.X
16%
Big Ocean
16%
Ft Island
16%
Golden Child
16%
Laboum
16%
N.Flying
16%
Woo!ah
16%
cignature
15%
Crayon Pop
15%
DIA
15%
DKB
15%
Epex
15%
MCND
15%
ONF
15%
Verivery
15%
X:IN
15%
9 muses
14%
B1a4
14%
Brave girls
14%
Class:y
14%
GWSN
14%
Hello Venus
14%
QWER
14%
UP10TION
14%
Drippin
13%
Fiestar
13%
Ghost 9
13%
Limelight
13%
Wei
13%
BLITZERS
11%
Dreamnote
11%
MBLAQ
11%
Pixy
11%
Elast
10%
Epik high
10%
Mirae
10%
Vanner
10%
VAV
10%
DKZ
9%
Fantasy Boys
9%
g.o.d
9%
H1-KEY
9%
Lapillus
9%
Nowadays
9%
SS501
9%
Ciipher
8%
Hot issue
8%
Stellar
8%
Fin.K.L
7%
Ladies Code
7%
TAN
7%
BBgirls
6%
Berry Good
6%
Craxy
6%
Dal Shabet
6%
EL7ZUP
6%
Lossemble
6%
Sonamoo
6%
Hotshot
5%
ICHILLIN'
5%
ILY:1
5%
24K
3%
Cross Gene
3%
Jewelry
3%
SPICA
3%
Elris
2%
Speed
2%
DayChild
1%
F.CUZ
0%
SG Wannabe
0%
No matching quizzes found
Score Distribution
Percent of People with Each Score
Percentile by Number Answered
Your Score History
You have not taken this quiz